| 000 | 00954cam a2200289 i 4500 | ||
|---|---|---|---|
| 999 |
_c2525 _d2525 |
||
| 003 | OSt | ||
| 005 | 20210713081616.0 | ||
| 008 | 150625s2016 nyu b 001 0 eng | ||
| 020 | _a9780536860705 | ||
| 040 | _cDLC | ||
| 042 | _apcc | ||
| 050 | 0 | 0 |
_aLB1051 _b.T675 2006 |
| 084 |
_aPSY003000 _2bisacsh |
||
| 245 | 1 | 0 |
_aApplied psychology: _bCompiled by Dough Hazlewood and Leslie Janes |
| 260 |
_aCanada : _bPearson Education, _c2006 |
||
| 264 | 1 |
_aCanada : _bPearson Education, _c2006. |
|
| 300 |
_a346 p ; _c24 cm |
||
| 336 |
_atext _2rdacontent |
||
| 337 |
_aunmediated _2rdamedia |
||
| 338 |
_avolume _2rdacarrier |
||
| 504 | _aIncludes bibliographical references. | ||
| 650 | 0 | _aPsychology, Applied. | |
| 650 | 7 |
_aPSYCHOLOGY / Applied Psychology. _2bisacsh |
|
| 906 |
_a7 _bcbc _corignew _d1 _eecip _f20 _gy-gencatlg |
||
| 942 |
_2lcc _cBK _nSO |
||